00000000cam 2200000zi 4500
0019.963267
003CaOODSP
00520260602155049
006m     o  d f      
007cr |n|||||||||
008260602t19811981oncad   ob   f000 0 fre d
020 |z066291161X
040 |aCaOODSP|bfre|erda|cCaOODSP
041 |afre|beng
043 |an-cn---
0861 |aJS22-56/1981F-PDF|zJS22-56/1981F
1001 |aScarff, Elisabeth, |eauteur.
24512|aL'évaluation des mesures législatives canadiennes relatives au contrôle des armes à feu : |bpremier rapport provisoire / |cpar Elisabeth Scarff, Ted Zaharchuk, Terrence Jacques, Michael McAuley.
264 1|aOttawa, Ontario : |bSolliciteur général Canada, Division de la recherche, |c[1981]
264 4|c©1981
300 |a1 ressource en ligne (1 volume (en pagination multiple)) : |bfigures, graphiques
336 |atexte|btxt|2rdacontent/fre
337 |ainformatique|bc|2rdamedia/fre
338 |aressource en ligne|bcr|2rdacarrier/fre
500 |aPublié aussi en anglais sous le titre : Evaluation of the Canadian gun control legislation : first progress report.
500 |aÉdition numérisée de l'imprimé [par Sécurité publique Canada].
504 |aComprend des références bibliographiques.
546 |aComprend du texte en anglais.
650 6|aArmes à feu|xDroit|zCanada.
650 6|aArmes à feu|xContrôle|zCanada.
7101 |aCanada.|bSolliciteur général Canada.|bDivision de la recherche, |eorganisme de publication.
77508|tEvaluation of the Canadian gun control legislation : |w(CaOODSP)9.963264
85640|qPDF|s7.18 Mo|uhttps://publications.gc.ca/collections/collection_2026/sp-ps/JS22-56-1981-fra.pdf